| 000 | 00770nam a22002297a 4500 | ||
|---|---|---|---|
| 005 | 20250908130331.0 | ||
| 008 | 250908b |||||||| |||| 00| 0 eng d | ||
| 020 | _a9781939251435 | ||
| 040 | _aBSOP | ||
| 050 | _aBS2655.H67 | ||
| 100 | _aFee, Gordon D. | ||
| 245 |
_6880-1 _aGod's empowering presence {ch} / _cGordon D. Fee. |
||
| 250 | _a1st ed. | ||
| 264 |
_aSouth Pasadena, CA : _bA Kernel of Wheat Christian Ministries, _c2017. |
||
| 300 |
_a1228p. ; _c24cm. |
||
| 440 | _aKernel of Wheat Biblical Theology | ||
| 504 | _aIncludes bibliographical references | ||
| 650 | _aBible -- Epistle of Paul -- Criticism, interpretation, etc. {ch}. | ||
| 650 | _aHoly spirit -- Biblical teaching {ch}. | ||
| 880 |
_6245-1 _a保羅神學 : 聖靈論 |
||
| 942 |
_2lcc _cBK |
||
| 999 |
_c54364 _d54364 |
||